El amor y la religión (Record no. 184379)

MARC details
000 -LEADER
campo de control de longitud fija 00737nam a2200217 i 4500
001 - NÚMERO DE CONTROL
campo de control 184379
003 - IDENTIFICADOR DE NÚMERO DE CONTROL
campo de control ES-MaACL
005 - FECHA Y HORA DE LA ÚLTIMA TRANSACCIÓN
campo de control 20250728110245.0
008 - DATOS DE LONGITUD FIJA--INFORMACIÓN GENERAL
campo de control de longitud fija 150731s1960 ag |||| | spa d
080 ## - NÚMERO DE LA CLASIFICACIÓN DECIMAL UNIVERSAL
Número de la Clasificación Decimal Universal 159.942:2
080 ## - NÚMERO DE LA CLASIFICACIÓN DECIMAL UNIVERSAL
Número de la Clasificación Decimal Universal 28:1
100 1# - ENTRADA PRINCIPAL--NOMBRE DE PERSONA
Nombre de persona Kierkegaard, Søren (
Fechas asociadas al nombre 1813-1855)
9 (RLIN) 68014
245 13 - MENCIÓN DEL TÍTULO
Título El amor y la religión
Resto del título : (puntos de vista) /
Mención de responsabilidad, etc. Sören Kierkegaard ; traducción de Juana Castro.
260 ## - PUBLICACIÓN, DISTRIBUCIÓN, ETC.
Lugar de publicación, distribución, etc. Buenos Aires :
Nombre del editor, distribuidor, etc. Santiago Rueda,
Fecha de publicación, distribución, etc. [1960]
300 ## - DESCRIPCIÓN FÍSICA
Extensión 172 p. ;
Dimensiones 21 cm.
650 #4 - PUNTO DE ACCESO ADICIONAL DE MATERIA--TÉRMINO DE MATERIA
Término de materia o nombre geográfico como elemento de entrada Amor-
Subdivisión general Aspectos religiosos.
9 (RLIN) 9755
650 07 - PUNTO DE ACCESO ADICIONAL DE MATERIA--TÉRMINO DE MATERIA
Término de materia o nombre geográfico como elemento de entrada Religión y filosofía
Fuente del encabezamiento o término embne
9 (RLIN) 16811
700 1# - ENTRADA AGREGADA--NOMBRE PERSONAL
Nombre de persona Castro, Juana.
9 (RLIN) 36874
852 ## - LOCALIZACIÓN
Ubicación ES-MaACL
Número de control de estantería L-30131
Nota libre .- Donat. Miguel A. Velasco
Holdings
Estatus retirado Estado de pérdida Estado de daño No para préstamo Biblioteca de origen Biblioteca actual Ubicación en estantería Fecha de adquisición Fuente de adquisición Total de préstamos Signatura topográfica completa Código de barras Visto por última vez Precio de reemplazo Tipo de ítem Koha
        Biblioteca del Ateneo de Madrid Biblioteca del Ateneo de Madrid Depósito 2 31/07/2015     L-30131 1193983 23/02/2023 23/02/2023 Libro impreso